| 000 | 01060nam a22002777a 4500 | ||
|---|---|---|---|
| 005 | 2011030100390.0 | ||
| 008 | 110301t xxu||||| |||| 00| 0 eng d | ||
| 010 | _aENG-102063 | ||
| 020 |
_a9780071074292 _c295.00 |
||
| 020 |
_a0071074295 _c295.00 |
||
| 035 | _aEN-85596 | ||
| 037 | _bDBAD/PUB | ||
| 040 |
_adpl _bEng |
||
| 082 | 0 | 0 | _a519.5 |
| 100 | 1 |
_aBrown, Reva Berman _926318 _d 1939- |
|
| 245 | 1 | 0 |
_aDealing with statistics : _cby Reva Berman Brown [and] Mark Saunders _bwhat you need to know / |
| 260 |
_aNew Delhi _bTata McGraw-Hill _cc2010 |
||
| 270 |
_a7 West Patel Nagar _bNew Delhi _e110008 |
||
| 300 |
_axi, 133 p. : _bill. _c21 cm (pbk) |
||
| 500 | _aIncludes index. | ||
| 650 | 0 |
_aStatistics. _926319 |
|
| 700 |
_aSaunders, Mark _d1959- _926324 |
||
| 942 |
_2ddc _cEN _h519.5 _mBRO |
||
| 999 |
_c50836 _d50836 |
||